NFL MVP Finalists - Statistics

General Stats
  • This quiz has been taken 148 times
  • The average score is 20 of 25
Answer Stats
Year Position Answer % Correct
2023 QB Patrick Mahomes
98%
2021 QB Patrick Mahomes
98%
2025 QB Lamar Jackson
97%
2024 QB Lamar Jackson
97%
2025 QB Josh Allen
95%
2024 QB Josh Allen
95%
2023 QB Josh Allen
95%
2022 QB Josh Allen
95%
2021 QB Josh Allen
95%
2025 RB Saquon Barkley
90%
2025 QB Joe Burrow
86%
2023 QB Joe Burrow
86%
2022 QB Joe Burrow
86%
2022 QB Tom Brady
81%
2022 QB Aaron Rodgers
79%
2021 QB Aaron Rodgers
79%
2024 RB Christian McCaffrey
76%
2021 RB Derrick Henry
76%
2023 WR Justin Jefferson
74%
2023 QB Jalen Hurts
71%
2025 QB Jared Goff
70%
2022 WR Cooper Kupp
60%
2024 QB Brock Purdy
56%
2024 QB Dak Prescott
55%
2021 RB Alvin Kamara
16%
No matching quizzes found
Score Distribution
Percent of People with Each Score
Percentile by Number Answered
Your Score History
You have not taken this quiz